| Tag |
First Indicator |
Second Indicator |
Subfields |
| LEADER |
00000cam a2200000Ma 4500 |
| 001 |
in00003545613 |
| 006 |
m o d |
| 007 |
cr nn||||||||| |
| 008 |
121227s1998 ne o 000 0 eng d |
| 005 |
20260422222716.1 |
| 020 |
|
|
|a 9789401149228 (electronic bk.)
|
| 020 |
|
|
|a 9401149224 (electronic bk.)
|
| 035 |
|
|
|a (OCoLC)840311001
|
| 040 |
|
|
|a I9W
|b eng
|e pn
|c I9W
|d OCLCQ
|d GW5XE
|d OCLCF
|d UtOrBLW
|
| 049 |
|
|
|a TXAM
|
| 050 |
|
4 |
|a TS1872.A1
|
| 082 |
0 |
4 |
|a 620.194
|2 21
|
| 100 |
1 |
|
|a Tinker, Andrew J.
|
| 245 |
1 |
0 |
|a Blends of Natural Rubber :
|b Novel Techniques for Blending with Speciality Polymers /
|c edited by Andrew J. Tinker, Kevin P. Jones.
|
| 264 |
|
1 |
|a Dordrecht :
|b Springer Netherlands :
|b Imprint :
|b Springer,
|c 1998.
|
| 300 |
|
|
|a 1 online resource (272 pages)
|
| 336 |
|
|
|a text
|b txt
|2 rdacontent
|
| 337 |
|
|
|a computer
|b c
|2 rdamedia
|
| 338 |
|
|
|a online resource
|b cr
|2 rdacarrier
|
| 520 |
|
|
|a Blends of natural rubber with speciality synthetic rubbers, such as nitrile rubber and ethylene propylene rubbers, have, in the past, failed to combine the best properties of polymers, resulting in a poor return in terms of added value from the blending process. The idea of blending synthetic rubbers with natural rubbe is certainly not a new one, but it is only now that this can be shown to be possible with consistently positive resluts, but eh use of novel techniques which this book describes, giving valuable information on the technology required and the results which can be achieved. Blends of Natural Rubber is an invaluable source of information for all those working in the area of rubber technology and polymer blend technology.
|
| 500 |
|
|
|a Electronic resource.
|
| 650 |
|
0 |
|a Rubber.
|
| 650 |
|
7 |
|a Rubber.
|2 fast
|0 (OCoLC)fst01100868
|
| 655 |
|
7 |
|a Electronic books.
|2 local
|
| 700 |
1 |
|
|a Jones, Kevin P.
|
| 710 |
2 |
|
|a SpringerLink (Online service)
|
| 856 |
4 |
0 |
|u http://proxy.library.tamu.edu/login?url=https://link.springer.com/10.1007/978-94-011-4922-8
|z Connect to the full text of this electronic book
|t 0
|
| 994 |
|
|
|a 92
|b TXA
|
| 999 |
|
|
|a MARS
|
| 999 |
f |
f |
|s 9bc99b0f-38ad-36a8-9b5c-2cb14fe164ad
|i e803175d-58ab-3a05-a850-6a4d34963f29
|t 0
|
| 952 |
f |
f |
|a Texas A&M University
|b College Station
|c Electronic Resources
|s www_evans
|d Available Online
|t 0
|e TS1872.A1
|h Library of Congress classification
|
| 998 |
f |
f |
|a TS1872.A1
|t 0
|l Available Online
|